| 000 | 00849 a2200169 4500 | ||
|---|---|---|---|
| 003 | Nust | ||
| 005 | 20230202134451.0 | ||
| 040 | _cNust | ||
| 082 | _a954,COA | ||
| 100 |
_aCoatman. J _950446 |
||
| 245 |
_aYears of Destiny : _bIndia 1926-1932 / _c J Coatman CIE |
||
| 260 |
_aLondon _bJonathan Cape _61932 |
||
| 300 | _a384:p | ||
| 505 | _aProlegomena to History (Page-13), The Political Foundations of Modern British (Page-28), Material and Moral Foundations of Modern India (Page-51) Prologue to 1926 (Page-63), Parties and Personalities in India (Page-86), The Opening Scene (Page-115), Drifiting into Disnity (Page-164), Indis Divided (Page-197), 1929 (Page-233), Mr Gandhi Counter Offensive (Page-275), The Conference Opens (Page-305), Vicery and Mahatma (Page-329), The Darkest Hour (Page-363). | ||
| 650 |
_aIndia _925356 |
||
| 942 |
_2ddc _cBK |
||
| 999 |
_c187356 _d187356 |
||